000 00327nam a2200121Ia 4500
003 GCL
008 140319s9999 xx 000 0 ara d
040 _aGCL /
_cGCL
082 0 4 _aط
_b398.021
_bم ق
245 1 0 _aالراعى الجميل
260 _a[S.N] :
_bمكتبة مصر
490 _aقصص واساطير الشعوب
_v0
999 _c34857
_d34857